Quizzes
Events
Quiz Creation
Community
Videos
Private Events
Remove Ads
Sign In
Join for FREE
Feedback
Dark Mode
Quiz Categories
Sports
Geography
Music
Movies
Television
Just For Fun
Miscellaneous
History
Literature
Language
Science
Gaming
Entertainment
Religion
Holiday
For Kids
Quiz Lab
Recent
Popular Today
Quiz Kudos Today
Editor Picks
Curator Picks
Quizzes by...
Day
Popularity
Type
Ratings
Length
Year
Community
Subscriptions
Recent Discussions
Orange Saloon
Badges
Playlists
Quests
Create
Leaderboards
Showdown
Live 5
Trivia Bingo
Activity
Puzzle Library
Sporcle Events
Private Events
Virtual Trivia
Globe League
Become a Host
Pub Owners
SporcleCon
Opinionation
Our Games
Videos
Blog
Mobile Apps
Partnerships
Remove Ads and Go Orange
Feedback
Sports
Athletes
MLB
NBA
NHL
NFL
Soccer
Sports Teams
WWE
NCAA
Football
Premier League
Basketball
Baseball
Hockey
Golf
Tennis
Cricket
Rugby
Auto Racing
Olympics
World Cup
Sports
Athletes
MLB
NBA
NHL
NFL
Soccer
Sports Teams
WWE
NCAA
Football
Premier League
Basketball
Baseball
Hockey
Golf
Tennis
Cricket
Rugby
Auto Racing
Olympics
World Cup
Random Quiz
Search Sporcle
×
Quiz Lab
Quiz Lab
Sports
Cricket
Type in answers that appear in a list
Type in answers that appear in a list
Classic
Best Score? Go Orange.
Test Match Run Scorers Stats
Can you name the Test Match Run Scorers?
By
theultimatelad
10m
50 Questions
96 Plays
96 Plays
96 Plays
Comments
Comments
Give Quiz Kudos
Give Quiz Kudos
-
- Ratings
hide this ad
Replay
Link that replays current quiz
Next Quiz
Link to next quiz in quiz playlist
You Got
0%
They Got
Avg Score
78%
Avg Friend Score
Upgrade to see
Score Distribution
Jump to the score distribution portion of the page
Score
0/50
Timer
10:00
0
Plays Today
Country
Batsman
% Correct
India*
Sachin Tendulkar
99%
India*
Rahul Dravid
99%
Australia*
Ricky Ponting
99%
West Indies
Brian Lara
99%
South Africa*
Jacques Kallis
95.8%
Australia
Steve Waugh
94.8%
Australia
Mark Waugh
94.8%
England
Graham Gooch
92.7%
Sri Lanka*
Mahela Jayawardene
91.7%
Australia
Allan Border
90.6%
Australia
Matthew Hayden
90.6%
India*
VVS Laxman
89.6%
England*
Kevin Pietersen
89.6%
India
Sunil Gavaskar
88.5%
West Indies*
Shivnarine Chanderpaul
88.5%
England*
Andrew Strauss
87.5%
West Indies
Viv Richards
86.5%
England
David Gower
85.4%
India*
Virender Sehwag
85.4%
Australia
Justin Langer
85.4%
Sri Lanka*
Kumar Sangakkara
84.4%
South Africa*
Graeme Smith
84.4%
England
Alec Stewart
83.3%
England
Geoffrey Boycott
82.3%
England
Mike Atherton
82.3%
Country
Batsman
% Correct
Pakistan
Javed Miandad
81.3%
West Indies
Garfield Sobers
81.3%
West Indies*
Chris Gayle
80.2%
Pakistan*
Mohammad Yousuf
78.1%
New Zealand
Stephen Fleming
78.1%
Australia
Donald Bradman
78.1%
Pakistan
Inzamam-ul-Haq
77.1%
Sri Lanka
Sanath Jayasuriya
77.1%
West Indies
Gordon Greenidge
74%
Australia
David Boon
72.9%
Australia
Mark Taylor
70.8%
England
Wally Hammond
70.8%
India
Sourav Ganguly
69.8%
West Indies
Desmond Haynes
65.6%
South Africa
Gary Kirsten
65.6%
England
Len Hutton
64.6%
England
Colin Cowdrey
63.5%
Australia
Greg Chappell
61.5%
England
Ken Barrington
55.2%
England
Graham Thorpe
54.2%
India
Mohammad Azharuddin
53.1%
India
Dilip Vengsarkar
50%
West Indies
Clive Lloyd
47.9%
Sri Lanka
Aravinda de Silva
44.8%
West Indies
Rohan Kanhai
37.5%
Quiz Playlist
Details
Report
Send in Message
Add To Playlist
Classic:
Type in answers that appear in a list
Last Updated: Feb 16, 2017
Quiz Scoreboard
CHALLENGE
Sign Up to Join the Scoreboard
Show All
Scores
Hide
Comments
May contain spoilers
Recently Published
College Basketball Coaching Resumes
by pancakes188
Sports
9m
Billboard Blitz: Fleetwood Mac
by CooCooCachoo
Music
15s
Presidents Visiting Landmarks
by Hejman
History
7m
More to Explore
Quiz From the Vault
Featured Blog Post
Where Did the Easter Bunny Come From?
hide this ad
You Might Also Like...
Tags
Cricket Quiz
International
run
Run Scorers
Runs Ever
Runs Leaders
test
Top 50
Today's Top Quizzes in Sports
Browse Sports
hide this ad
Today's Top Quizzes in Cricket
Browse Cricket
Top Contributed Quizzes in Sports
1
Les meilleurs buteurs des matchs entre le PSG et l’OM
2
2022 World Cup Stars
3
FIFA Club World Cup Champions
4
Les entraîneurs de l'OM et du PSG au 21e siècle
5
Criteria MLB: Left Handed Sluggers
6
AFC Teams Reveal (Wrong Answers Minefield)
7
5-to-1: UK Sports Teams
8
Name the Premier League winners with different clubs
9
5-to-1: FBS Animal Nicknames
10
Players with Multiple 50 Home Run Seasons
Explore More
Trending Topics
NBA
Anime
Kpop
Crossword
Disney
Harry Potter
Marvel
Country
Song
Puzzle
The Office
NFL
Pokémon
Soccer
WWE
hide this ad
More By:
theultimatelad
Quiz
Plays
Rating
Category
Featured
Created
Test Match Top Run Scorers 2010-2015
557
5.00
Sports
Sep 8, 2016
Champions League Final Scorers 2010's
380
Sports
Nov 1, 2017
Test Match Top Wicket Takers 2010-2015
322
Sports
Sep 8, 2016
Top 10 Test Run Scorers 2000's
252
4.00
Sports
Oct 30, 2011
Top 10 Test Openers By Country
237
4.00
Sports
Jan 12, 2022
Go to Creator's Profile
Score Distribution
Quiz Creator Spotlight
theultimatelad
Follow
Send a Message
Quizzes Created
-
Created Quiz Play Count
-
More By This Creator
Popular Quizzes Today
1
Find the US States - No Outlines Minefield
2
Find the Countries of Europe - No Outlines Minefield
3
The Countries of the World
4
Find the US States
5
Risky Map Clicking: Biggest States A-Z
6
US States
7
Popular People in 1961
8
Movies - When Are They Set?
More Sports Quizzes
World Cup 2018 Referee Countries
Published
Trending Quizzes
Risky Map Clicking: Least Populous States A-Z
1-10 Letter G Words
1-10 Letter F Words
Risky Map Clicking: Next State Alphabetically
Click the Washington State Counties! (Map)
Recently Updated
Leaping Animals
pecheneg
Reality TV Shows (A-Z)
bhenderson79
Rickey Henderson's Hall of Fame Teammates
pecheneg
Champions League XIs: Arsenal
pecheneg
Quick Pick: Celebrities in WWE's Hall of Fame
aduchscher
A-Z Keypad Blitz II
pecheneg
Multiple Oscar Actors
pecheneg
Mystery Phrase Blitz: Oscar 'Best Actors'
pecheneg
F. Scott Fitzgerald Novels
LTH
Pick 3 Villains
ddd62291
Trending Topics
Anime
Marvel
NBA
Disney
Crossword
Harry Potter
Kpop
Puzzle
Soccer
NFL
The Office
Song
Country
Pokémon
WWE
Your Account Isn't Verified!
In order to create a playlist on Sporcle, you need to verify the email address you used during registration. Go to your
Sporcle Settings
to finish the process.
Report this User
Report this user for behavior that violates our
Community Guidelines
.
Details:
Send Report
Go to the Sporcle.com Mobile Site →
Comments